000 00550nmm a2200169Ia 4500
008 251105s9999||||xx |||||||||||||||||und||
020 _a9788475228716
041 _aspa
100 _aArellano Ayuso, Ignacio
245 0 _aQuevedo en Manhattan : actas del Congreso Internacional, Nueva York, noviembre, 2001
264 _a[Madrid, España] :
_bVisor Libros,
_c2004
300 _a292 páginas
490 _aBiblioteca Filológica Hispana
650 _aSpanish literature
856 _uhttps://public.digitaliapublishing.com/a/24103
942 _cCF
999 _c85042
_d85042